000 00610nam a2200193Ia 4500
003 GCL
008 140319s9999 xx 000 0 ara d
040 _aGCL /
_cGCL
082 0 4 _a657.3
_bا د
100 1 _aالسيد عبدالمقصود دبيان
245 1 0 _aدراسات فى بعض مشاكل القياس المحاسبية /
_cالسيد عبدالمقصود دبيان
260 _a[S.N] :
_bمؤسسة شباب الجامعة
300 _a301 ص
490 _a
650 0 4 _aالمحاسبة
650 0 4 _aالحسابات
650 0 4 _aالتقارير المالية
942 _2ddc
_cBK
999 _c55120
_d55120